000 01100nam a2200301Ia 4500
003 OSt
005 20221005110625.0
006 a|||||r|||| 00| 0
007 ta
008 221004b |||||||| |||| 00| 0 hin d
020 _a9789326351874 (pbk)
_cINR 180.00
024 _a37980
037 _bBW/1695, 15/03/2018, Bookwell
_cTextual
040 _aCRL
_cCRL
_bhin
041 _2hin
_ahin
082 _aP152:7, Q6
100 _aसुबोध माधुरी, ले.
245 0 _aरचनात्मक लेखन
246 _aRachanātmak lekhana
250 _aसंस्करण 6
260 _aनई दिल्ली
_bभारतीय ज्ञानपीठ भारत
_c2016
300 _a284पृ0
_ccm.
490 _aलोकोदय ग्रन्थमाला; ग्रन्थांक 881
650 _a भाषाशास्त्र
650 _aहिन्दी भाषा
942 _hP152:7, Q6
_cTEXL
_2cc
999 _c1019375
_d1019375